Least common country initials - Whammies - Statistics

General Stats
  • This quiz has been taken 29 times
  • The average score is 10 of 12
Answer Stats
# Letters % Correct
1 Q
100%
1 Y
100%
2 Z
96%
0 X
92%
1 O
88%
0 W
88%
3 H
76%
4 V
76%
4 F
72%
3 J
72%
5 D
56%
4 R
36%
No matching quizzes found
Score Distribution
Percent of People with Each Score
Percentile by Number Answered
Your Score History
You have not taken this quiz